| 000 | 01045nam a2200265 a 4500 | ||
|---|---|---|---|
| 001 | 000044882 | ||
| 003 | OSt | ||
| 005 | 20210405151200.0 | ||
| 008 | 150115s2014 dr 000 0 spa d | ||
| 040 |
_aDO-SdBNP _bspa _cBNPHU |
||
| 082 | 4 |
_a323.34 _bG326d |
|
| 245 | 0 | 0 |
_aGénero y derechos : guia metodológica para docentes / _cconsultoras Alina Ramírez, Cristina Santillán Idoate, Helena Martínez Bueno |
| 260 |
_aSanto Domingo : _bPolicía Nacional, _bProfamilia, _c2014. |
||
| 300 |
_a2 v. ; _c28 cm. |
||
| 500 | _aIncluye referencias bibliográficas y notas al pie de las paginas | ||
| 500 | _aIncluye bibliografía al final de los capítulos | ||
| 590 | _aInventariado, 2021/MFF | ||
| 650 | 4 |
_aMujeres _zRepública Dominicana _xCondiciones sociales _921072 |
|
| 650 | 4 |
_aDerechos de la mujer _zRepública Dominicana _92757 |
|
| 700 | 1 |
_a Ramírez, Alina _98554 |
|
| 700 | 1 |
_aSantillán Idoate, Cristina _972887 |
|
| 700 | 1 |
_aMartínez Bueno, Helena _972888 |
|
| 910 | _aValidado. Control de calidad MFF | ||
| 942 |
_2ddc _cLF1 |
||
| 999 |
_c44371 _d44371 |
||